00907cam a2200241 a 45000010008000000030012000080050017000200080041000370100017000780200015000950400022001100500021001320820020001531000027001732450090002002600046002903000047003365040066003835380136004496300032005856500027006177000021006441087930NUST - PNEC20170116180814.0920701s1995 maua b 001 0 eng  a 92023215  a0201532808 aDLCcLIBRARYdDLC00aT385b.S622 199500a510.2855369 SMI1 aSmith, Cameron,d1959-14aThe Mathematica graphics guidebook : Cameron Smith and Nancy Blachman.cCameron Smith aReading, Mass. :bAddison-Wesley,cc1995. axxi, 339 p. :bill. (some col.) ;c24 cm.  aIncludes bibliographical references (p. [327]-330) and index. aSystem requirements for accompanying computer disk: Macintosh, DOS, MS Windows, UNIX versions of Mathematica; version 2.0 or later.00aMathematica (Computer file) 0aComputer graphics.xME1 aBlachman, Nancy.